Municipios de Navarra con mapa en blanco - Estadísticas

Estadísticas generales
  • Esta prueba ha sido intentada 47 veces
  • La puntuación promedio es 131 de 272
Respuestas en el mapa
Las respuestas están codificadas por una escala verde-roja en el mapa de la prueba según el % correcto abajo.
 
Estadísticas de respuestas
MerindadEstella Municipio % Correcto
Pamplona / Montaña Pamplona / Iruña
92%
Tudela / Ribera Tudela / Tutera
88%
Pamplona / Montaña Barañáin / Barañain
84%
Tudela / Ribera Cintruénigo
84%
Sangüésa Egués / Eguesibar
84%
Olite Olite / Erriberri
84%
Olite Tafalla
84%
Pamplona / Montaña Baztán / Baztan
80%
Tudela / Ribera Cascante
80%
Tudela / Ribera Corella
80%
Estella Estella / Lizarra
80%
Sangüésa Burlada / Burlata
76%
Tudela / Ribera Fitero
76%
Sangüésa Sangüesa / Zangoza
76%
Sangüésa Aranguren
72%
Pamplona / Montaña Berriozar
72%
Tudela / Ribera Carcastillo
72%
Tudela / Ribera Castejón
72%
Tudela / Ribera Cortes
72%
Sangüésa Huarte / Uharte
72%
Estella Lodosa
72%
Olite Peralta / Azkoien
72%
Sangüésa Roncesvalles / Orreaga
72%
Pamplona / Montaña Vera de Bidasoa / Bera
72%
Pamplona / Montaña Villava / Atarrabia
72%
Tudela / Ribera Ablitas
68%
Pamplona / Montaña Alsasua / Altsasu
68%
Sangüésa Aoiz / Agoitz
68%
Tudela / Ribera Arguedas
68%
Tudela / Ribera Buñuel
68%
Olite Falces
68%
Sangüésa Javier / Xabier
68%
Estella Los Arcos
68%
Estella Mendavia
68%
Olite Milagro
68%
Olite Murillo el Fruto
68%
Sangüésa Ochagavía / Otsagabia
68%
Olite Ujué / Uxue
68%
Sangüésa Valle de Elorz / Elortzibar
68%
Estella Viana
68%
Pamplona / Montaña Zugarramurdi
68%
Sangüésa Cáseda
64%
Pamplona / Montaña Cizur
64%
Tudela / Ribera Fontellas
64%
Sangüésa Lumbier / Irunberri
64%
Tudela / Ribera Murchante
64%
Olite Murillo el Cuende
64%
Olite Pitillas
64%
Pamplona / Montaña Puente la Reina / Gares
64%
Olite San Martín de Unx
64%
Pamplona / Montaña Santesteban / Doneztebe
64%
Tudela / Ribera Valtierra
64%
Tudela / Ribera Villafranca
64%
Pamplona / Montaña Zizur Mayor / Zizur Nagusia
64%
Pamplona / Montaña Ansoáin / Antsoain
60%
Pamplona / Montaña Beriáin
60%
Tudela / Ribera Cabanillas
60%
Olite Caparroso
60%
Sangüésa Erro
60%
Olite Funes
60%
Pamplona / Montaña Irurzun / Irurtzun
60%
Sangüésa Isaba / Izaba
60%
Olite Larraga
60%
Pamplona / Montaña Lesaca / Lesaka
60%
Tudela / Ribera Mélida
60%
Sangüésa Monreal / Elo
60%
Tudela / Ribera Ribaforada
60%
Olite Santacara
60%
Estella Sesma
60%
Pamplona / Montaña Urroz / Urrotz
60%
Sangüésa Valcarlos / Luzaide
60%
Sangüésa Yesa
60%
Estella Abárzuza / Abartzuza
56%
Sangüésa Abaurrea Alta / Abaurregaina
56%
Sangüésa Abaurrea Baja / Abaurrepea
56%
Sangüésa Aibar / Oibar
56%
Estella Améscoa Baja / Ameskoabarrena
56%
Pamplona / Montaña Berrioplano / Berriobeiti
56%
Sangüésa Burguete / Auritz
56%
Sangüésa Burgui / Burgi
56%
Tudela / Ribera Cadreita
56%
Estella Cárcar
56%
Pamplona / Montaña Echarri / Etxarri
56%
Tudela / Ribera Fustiñana
56%
Estella Lerín
56%
Sangüésa Liédena
56%
Olite Mendigorría
56%
Olite Miranda de Arga
56%
Tudela / Ribera Monteagudo
56%
Olite Pueyo / Puiu
56%
Sangüésa Roncal / Erronkari
56%
Estella San Adrián
56%
Pamplona / Montaña Sunbilla
56%
Tudela / Ribera Tulebras
56%
Pamplona / Montaña Uharte-Arakil
56%
Pamplona / Montaña Ulzama
56%
Olite Unzué / Untzue
56%
Pamplona / Montaña Urdax / Urdazubi
56%
Estella Allo
52%
Estella Andosilla
52%
Pamplona / Montaña Araquil / Arakil
52%
Olite Artajona
52%
Estella Ayegui / Aiegi
52%
Estella Azagra
52%
Estella Dicastillo
52%
Pamplona / Montaña Donamaría / Doneztebe
52%
Pamplona / Montaña Echauri / Etxauri
52%
Sangüésa Eslava
52%
Estella Eulate
52%
Pamplona / Montaña Iza / Itza
52%
Pamplona / Montaña Leiza / Leitza
52%
Olite Marcilla
52%
Sangüésa Orbaizeta
52%
Pamplona / Montaña Orcoyen
52%
Sangüésa Romanzado / Erromantzatua
52%
Estella Sartaguda
52%
Sangüésa Urraúl Alto / Urraulgoiti
52%
Sangüésa Urraúl Bajo / Urraulbeiti
52%
Sangüésa Urroz-Villa
52%
Sangüésa Uztárroz / Uztarroze
52%
Estella Abáigar
48%
Estella Aguilar de Codés
48%
Pamplona / Montaña Arbizu
48%
Olite Barásoain
48%
Tudela / Ribera Barillas
48%
Olite Beire
48%
Olite Berbinzana
48%
Pamplona / Montaña Echalar / Etxalar
48%
Pamplona / Montaña Echarri-Aranaz / Etxarri-Aranatz
48%
Pamplona / Montaña Enériz / Eneritz
48%
Sangüésa Esparza de Salazar / Espartza Zaraitzu
48%
Sangüésa Garde
48%
Sangüésa Garralda
48%
Pamplona / Montaña Goizueta
48%
Sangüésa Guesa / Gesa
48%
Pamplona / Montaña Larraun
48%
Sangüésa Lerga
48%
Sangüésa Navascués / Nabaskoze
48%
Pamplona / Montaña Ollo / Ollaran
48%
Sangüésa Sada
48%
Estella Salinas de Oro / Jaitz
48%
Estella Torres del Río
48%
Estella Villatuerta
48%
Estella Yerri / Deierri
48%
Pamplona / Montaña Adiós
44%
Estella Ancín
44%
Estella Arellano
44%
Sangüésa Aria
44%
Estella Arróniz
44%
Pamplona / Montaña Ciordia / Ziordia
44%
Sangüésa Esteribar
44%
Sangüésa Gallipienzo / Galipentzu
44%
Estella Goñi
44%
Sangüésa Ibargoiti
44%
Pamplona / Montaña Ituren
44%
Pamplona / Montaña Lacunza / Lakuntza
44%
Pamplona / Montaña Lanz / Lantz
44%
Pamplona / Montaña Lecunberri / Lekunberri
44%
Pamplona / Montaña Olazagutía / Olazti
44%
Estella Oteiza
44%
Pamplona / Montaña Tirapu
44%
Estella Torralba del Río
44%
Sangüésa Urzainqui / Urzainki
44%
Pamplona / Montaña Añorbe
40%
Pamplona / Montaña Aranaz / Aranatz
40%
Estella Aras
40%
Estella Bargota
40%
Sangüésa Castillo-Nuevo / Gazteluberri
40%
Pamplona / Montaña Ezcabarte
40%
Pamplona / Montaña Galar
40%
Sangüésa Garaioa
40%
Pamplona / Montaña Iganzi / Igantzi
40%
Pamplona / Montaña Iturmendi
40%
Sangüésa Jaurrieta
40%
Estella Larraona
40%
Olite Leoz / Leotz
40%
Estella Lezáun / Lezaun
40%
Sangüésa Lizoáin / Lizoain-Arriasgoiti
40%
Estella Mañeru
40%
Estella Marañón
40%
Estella Murieta
40%
Pamplona / Montaña Muruzábal
40%
Sangüésa Orbara
40%
Sangüésa Oronz / Orontze
40%
Sangüésa Oroz-Betelu / Orotz-Betelu
40%
Sangüésa Petilla de Aragón
40%
Sangüésa Sarriés / Sartze
40%
Pamplona / Montaña Urdiain
40%
Sangüésa Vidángoz / Bidankoze
40%
Estella Villamayor de Monjardín
40%
Pamplona / Montaña Zubieta
40%
Estella Zúñiga
40%
Estella Allín / Allin
36%
Estella Aranarache / Aranaratxe
36%
Sangüésa Arce / Artzi
36%
Pamplona / Montaña Areso
36%
Estella Barbarin
36%
Pamplona / Montaña Basaburua
36%
Pamplona / Montaña Bertizarana
36%
Estella Cirauqui / Zirauki
36%
Pamplona / Montaña Ciriza / Ziritza
36%
Estella Espronceda
36%
Sangüésa Ezcaroz / Ezkaroze
36%
Pamplona / Montaña Ezkurra
36%
Olite Garínoain
36%
Pamplona / Montaña Irañeta
36%
Sangüésa Izagaondoa
36%
Sangüésa Izalzu / Itzaltzu
36%
Pamplona / Montaña Juslapeña / Txulapain
36%
Estella Lapoblación
36%
Sangüésa Leache / Leatxe
36%
Sangüésa Lónguida / Longida
36%
Estella Mendaza
36%
Pamplona / Montaña Obanos
36%
Estella Oco
36%
Pamplona / Montaña Olza / Oltza
36%
Sangüésa Unciti
36%
Sangüésa Villanueva de Aezkoa / Hiriberri
36%
Estella Aberin
32%
Pamplona / Montaña Anue
32%
Pamplona / Montaña Arano
32%
Sangüésa Aribe
32%
Pamplona / Montaña Atez / Atetz
32%
Pamplona / Montaña Betelu
32%
Estella Cabredo
32%
Pamplona / Montaña Elgorriaga
32%
Pamplona / Montaña Ergoiena
32%
Sangüésa Gallués / Galoze
32%
Estella Genevilla
32%
Estella Guirguillano
32%
Pamplona / Montaña Imoz / Imotz
32%
Estella Lana
32%
Estella Luquin
32%
Estella Morentin
32%
Estella Mués
32%
Estella Sorlada
32%
Estella Armañanzas
28%
Estella Azuelo
28%
Pamplona / Montaña Bacaicoa / Bakaioko
28%
Pamplona / Montaña Belascoáin
28%
Estella Desojo
28%
Pamplona / Montaña Erasun
28%
Sangüésa Ezprogui
28%
Estella Guesálaz / Gesalatz
28%
Pamplona / Montaña Labaien
28%
Estella Lazagurría
28%
Pamplona / Montaña Legarda
28%
Estella Metauten
28%
Estella Mirafuentes
28%
Estella Nazar
28%
Pamplona / Montaña Odieta
28%
Pamplona / Montaña Oiz
28%
Estella Olejua
28%
Olite Olóriz / Oloritz
28%
Estella Sansol
28%
Sangüésa Tiebas-Muruarte de Reta
28%
Pamplona / Montaña Úcar
28%
Pamplona / Montaña Uterga
28%
Pamplona / Montaña Zabalza / Zabalza
28%
Pamplona / Montaña Araiz
24%
Estella | Pamplona / Montaña Artazu
24%
Pamplona / Montaña Bidaurreta
24%
Pamplona / Montaña Biurrun-Olcoz
24%
Estella El Busto
24%
Estella Etayo
24%
Pamplona / Montaña Olaibar
24%
Olite Orísoain
24%
Pamplona / Montaña Saldias
24%
Estella Igúzquiza / Iguzkitza
20%
Estella Legaria
20%
Estella Piedramillera
20%
No se encontraron pruebas coincidentes
Distribución de puntuación
Porcentaje de gente con cada puntuación
Porcentaje por número respondido
Historial de tus puntuaciones
No has intentado esta prueba.